000 00308 a2200145 4500
001 123332
020 _a9782011559036
040 _cEscola Canadense de Niteroi
100 _aDenisot, Hugues
245 1 0 _aLes Loustics 1
362 0 _a2013
490 0 _aLes Loustics
650 4 _aFrancês
942 _cBK
999 _c123332
_d123332